000 00542nam a22001817a 4500
005 20251108172305.0
008 250721s1987 xx 000 0 ara d
082 1 4 _a614.88/سعي
100 1 _aالدجاني، سعيد
245 1 0 _aالإسعاف السريع و الدفاع المدني ..... /
250 _aط2
264 1 _aبيروت :
_bدار الأندلس،
_c1987.
300 _a179ص
650 1 7 _aالإسعافات الأولية
700 1 _aعيتاني، عائشة شهاب
942 _2ddc
_cBK
999 _c75295
_d75295